000
00304nam a22001337a 4500
003
SGT
082
_a
616.0757
_b
N08N
100
_a
NIWA, H.
245
_a
NEW CHALLENGES IN GASTROINTESTINAL ENDOSCOPY
260
_a
NEW YORK
_b
SPRINGER
_c
2008
300
_a
561
650
_a
RADIOLOGY
942
_2
ddc
_c
BK
999
_c
14589
_d
14589